000 00923cam a2200265 a 4500
999 _c20677
_d20677
005 20191230105751.0
008 011007s1993 ck r 00010 spa d
015 _ack-1993-xxxx
040 _ala
_cla
041 0 _aspa
043 _as-ck---
044 _ack
082 0 4 _a348.02
_bC71l
110 1 _aColombia.
_bMinisterio de agricultura
_9102205
245 1 0 _aLey 101
_bLey general de desarrollo agropecuario y pesquero 1993
_cMinisterio de Agricultura.
260 _aBogotá,
_bMinisterio de Agricultura,
_c1993.
300 _a47 páginas
_c27.6 x 21 cm
650 _aLegislación agraria
_z Colombia.
_9102206
650 _aLegislación en la industria pesquera
_z Colombia.
_9102207
650 _aLegislación sobre el uso de la tierra
_z Colombia.
_9102208
650 6 _aLey 101 de 1993.
_9102209
740 0 2 _aLey general de desarrollo agropecuario y pesquero.
942 _2ddc
_cLIBRO
949 _ac
_bc